000 00893nas a2200289 4500
001 BR0002417
003 BR-BrBNA
005 20231205101840.0
007 ta
008 230509b bl.|||p| |||| 00| 00por d
040 _aBR-BrBNA
_bpor
_cBiblioteca Nacional de Agricultura
041 _a(Pt)
072 _aQ02; Q04
100 1 _aCaneppele, M.A.B.
100 1 _aCaneppele, C.
100 1 _aMusis, C.R. de
100 1 _aSantos, P. dos
245 1 _aAvaliacao da qualidade sensorial de manga passa obtida sob diferentes formas de processamento
650 _aManga
650 _aTecnologia de Alimento
650 _aPreservacao de Alimento
650 _aQualidade
650 _aMato Grosso
773 0 _tRevista Brasileira de Fruticultura (Brazil)
_xISSN 0100-2945
_g(Apr 2000), v. 22(1) p. 128-133
_wBR0002417
909 _a202311
_bLúcia
_c55
_dLúcia Elande
942 _2AGRIS
_n0
_cANA
999 _c164299
_d164299